| 000 | 00590nam a2200229Ia 4500 | ||
|---|---|---|---|
| 008 | 171025s9999 xx 000 0 und d | ||
| 020 | _a9717173710 | ||
| 050 | _a254.3 | ||
| 050 | _bL755 1996 | ||
| 100 | _aLingo, Susan L. | ||
| 245 | _aEye-popping 3-D bulletin boards / | ||
| 245 | _cby Susan L. Lingo. | ||
| 260 | _aUSA : | ||
| 260 | _bGroup Publishing Inc., | ||
| 260 | _c1996 | ||
| 300 | _a126 pages : | ||
| 300 | _billustrations ; | ||
| 300 | _c27cm. | ||
| 500 | _aIncludes index and appendix. | ||
| 650 | _aBulletin boards in Christian education. | ||
| 700 | _aTitle. | ||
| 999 |
_c344878 _d344878 |
||